1426 1914 1758 1750 1631 1564 1728 1105 1930 1172 1882 1144 1016 1778 1654 1372 1171 1665 1989 1879 1139 1026 1410 1561 1374 1395 1960 1143 1636 1967 1596 1369 1624 1697 1448 1231 1017 1454 1390 1767 1749 1020 1701 1686 1086 1626 1990 1450 1028 1225 1723 1063 1715 1167 1533 1870 1095 1992 1055 1133 1328 1824 1755 1932 1421 1260 1614 1885 1842 1435 1987 1657 1195 1879 1325 1392 1773 1972 1490 1311 1060 1055 1896 1004 1992 1111 1744 1059 1418 1190 1952 1396 1799 1252 1272 1199 1136 1008 1193 BCNSPRNW ULIB Ver.6.0+V

เปลี่ยนเป็นภาษาไทย

Change to English
 แสดงรายละเอียดบรรณานุกรม
  กลับหน้าหลัก

Brief Record : Get Marc (ISO 2709) : E-mail record : QR code < ปิดหน้าต่าง
LEADER : 00000nam 2200000uu 4500
001    13399126068
003     ULIB
008    180524s2560||||th 000 0 tha d
020    ^a9786162233791
060 04 ^aWT141^bผ225ก
100 0  ^aผ่องพรรณ อรุณแสง
245 10 ^aการประเมินภาวะสุขภาพผู้ใหญ่และผู้สูงอายุ : การประยุกต์ใช้ในการพยาบาล/^cผ่องพรรณ อรุณแสง
250    ^aพิมพ์ครั้งที่ 5
260    ^aขอนแก่น :^bคณะพยาบาลศาสตร์ มหาวิทยาลัยขอนแก่น,^c2560
300    ^a276 หน้า :^bภาพประกอบ ;^c26 ซม.
650  7 ^aการตรวจสอบร่างกาย
650  7 ^aผู้สูงอายุ
650  7 ^aสุขภาพ^bการประเมิน
945    ^p250^l0^i25959
945    ^p250^l0^i25960
945    ^p250^l0^i25961
945    ^p250^l0^i25962
945    ^p250^l0^i25963
999    ^aกัณชพร
รายการนี้ยังไม่มีแท็ก
คุณยังไม่ได้ล็อกอิน คุณสามารถมีกิจกรรมร่วมกับเว็บไซต์ได้ แต่ต้องล็อกอินก่อน ::
  ล็อกอิน

รายการสื่อสารสนเทศ

ลำดับที่ ประเภท เลขเรียก/บาร์โค้ด สถานที่ สถานะ
1. หนังสือสำรอง
หนังสือสำรอง
WT141 ผ225ก ฉ.1 
  Barcode: 25959
ห้องสมุดวิทยาเขตสวรรค์ประชารักษ์
►หนังสือทั่วไป
บนชั้น
2. วิทยาศาสตร์การแพทย์ และสุขภาพ
วิทยาศาสตร์การแพทย์ และสุขภาพ
WT141 ผ225ก ฉ.2 
  Barcode: 25960
ห้องสมุดวิทยาเขตสวรรค์ประชารักษ์
►หนังสือทั่วไป
บนชั้น
3. วิทยาศาสตร์การแพทย์ และสุขภาพ
วิทยาศาสตร์การแพทย์ และสุขภาพ
WT141 ผ225ก ฉ.3 
  Barcode: 25961
ห้องสมุดวิทยาเขตสวรรค์ประชารักษ์
►หนังสือทั่วไป
บนชั้น
4. วิทยาศาสตร์การแพทย์ และสุขภาพ
วิทยาศาสตร์การแพทย์ และสุขภาพ
WT141 ผ225ก ฉ.4 
  Barcode: 25962
ห้องสมุดวิทยาเขตสวรรค์ประชารักษ์
►หนังสือทั่วไป
บนชั้น
5. วิทยาศาสตร์การแพทย์ และสุขภาพ
วิทยาศาสตร์การแพทย์ และสุขภาพ
WT141 ผ225ก ฉ.5 
  Barcode: 25963
ห้องสมุดวิทยาเขตสวรรค์ประชารักษ์
►หนังสือทั่วไป
บนชั้น

รายการใกล้เคียง
    ผู้แต่ง [ผ่องพรรณ อรุณแสง]

    หัวเรื่อง [การตรวจสอบร่างกาย]
    หัวเรื่อง [ผู้สูงอายุ]
    หัวเรื่อง [สุขภาพ การประเมิน]

BibComment


ยังไม่เคยถูกคอมเมนท์

คอมเมนท์ทรัพยากรรายการนี้
  คอมเมนท์: การประเมินภาวะสุ..


 Copyright 2026. Bcnsprnw @Library